| Tag |
First Indicator |
Second Indicator |
Subfields |
| LEADER |
00000cam a22000008a 4500 |
| 001 |
in00000033265 |
| 005 |
20151007060542.0 |
| 008 |
870901s1988 ctua b 00110 eng |
| 010 |
|
|
|a 87024636
|
| 020 |
|
|
|a 0300039891
|
| 035 |
|
|
|a (OCoLC)16802271
|
| 035 |
|
|
|9 AAC1119AM
|
| 040 |
|
|
|a DLC
|c DLC
|d TXA
|d UtOrBLW
|
| 043 |
|
|
|a e-it---
|
| 049 |
|
|
|a TXAM
|c [A11693782]
|
| 050 |
0 |
0 |
|a NA1123.G8
|b M44 1988
|
| 082 |
0 |
|
|a 720/.92/4
|2 19
|
| 100 |
1 |
|
|a Meek, H. A.
|q (Harold Alan),
|d 1922-
|
| 245 |
1 |
0 |
|a Guarino Guarini and his architecture /
|c H.A. Meek.
|
| 264 |
|
1 |
|a New Haven :
|b Yale University Press,
|c 1988.
|
| 300 |
|
|
|a viii, 194 pages :
|b illustrations (some color)
|
| 336 |
|
|
|a text
|b txt
|2 rdacontent
|
| 337 |
|
|
|a unmediated
|b n
|2 rdamedia
|
| 338 |
|
|
|a volume
|b nc
|2 rdacarrier
|
| 504 |
|
|
|a Bibliography: pages 185-189.
|
| 500 |
|
|
|a Includes index.
|
| 600 |
1 |
0 |
|a Guarini, Guarino,
|d 1624-1683
|x Criticism and interpretation.
|
| 650 |
|
0 |
|a Architecture, Baroque
|z Italy.
|
| 999 |
|
|
|a MARS
|
| 999 |
f |
f |
|s ba3a17f0-a16c-3855-b250-2984f7c1fdec
|i 8a92b72d-ef56-36b5-a020-3914c789a07a
|t 0
|
| 952 |
f |
f |
|p ric
|a Texas A&M University
|b Rellis Campus
|c Joint Library Facility
|d Remote Storage
|t 0
|e NA1123.G8 M44 1988
|h Library of Congress classification
|i unmediated -- volume
|m A14811693782
|
| 998 |
f |
f |
|a NA1123.G8 M44 1988
|t 0
|l Remote Storage
|